| 000 | 00457nam a2200193Ia 4500 | ||
|---|---|---|---|
| 008 | 170918s9999 xx 000 0 und d | ||
| 020 | _a9780590107273 | ||
| 050 | _bC223 1998 | ||
| 100 | _aCanizares, Susan | ||
| 245 | _aWater / | ||
| 245 | _cSusan Canizares and Pamela Chanko. | ||
| 260 | _aNew York : | ||
| 260 | _bScholastic, | ||
| 260 | _c1998 | ||
| 300 | _aunpaged : | ||
| 300 | _bcolored illustration ; | ||
| 300 | _c18cm. | ||
| 500 | _aBR | ||
| 999 |
_c342381 _d342381 |
||